Statistics for Harry Potter Death Eaters

Click here to take the quiz!

General Stats

  • This quiz has been taken 130 times
    (69 since last reset)
  • The average score is 18 of 27

Answer Stats

DescriptionAnswer% Correct
Sirius's killerBellatrix Lestrange
98%
Dobby's masterLucius Malfoy
96%
^'s wifeNarcissa Malfoy
96%
Pretended to be Alastor MoodyBarty Crouch Jr.
89%
Can change into a ratPeter Pettigrew
89%
Sirius's brotherRegulus Black
89%
WerewolfFenrir Greyback
87%
Headmaster of DurmstrangIgor Karkaroff
87%
7th book DADA teacherAmycus Carrow
84%
^'s husbandRodolphus Lestrange
84%
1st book DADA teacherQuirinus Quirrell
76%
7th book Muggle Studies teacherAlecto Carrow
75%
^'s brotherRabastan Lestrange
73%
Father of Slytherin boyCrabbe
71%
See ^Goyle
71%
His office is rainingYaxley
64%
Broke out from AzkabanAntonin Dolohov
56%
See ^Nott
55%
Tom Riddle's Hogwarts friendAvery
55%
Meant to kill BuckbeakWalden Macnair
55%
7th book Minister of MagicPius Thicknesse
53%
Disguised as a builder to attack HarryThorfinn Rowle
35%
See ^Augustus Rookwood
35%
Snatcher who finds HarryScabior
33%
Goes into Gringotts with Hermione-BellatrixTravers
31%
^'s Hogwarts friendMulciber
22%
Double agent for Dumbledore and VoldemortSeverus Snape
16%

Score Distribution

Percentile by Number Answered

Percent of People with Each Score

Your Score History

You have not taken this quiz since the last reset